00551 2200217 4500001002100000005001500021008004100036020001800077035001900095041000700114082001000121090001600131100001900147245003700166250001000203260003500213300003200248650001500280990001900295990001900314INLIS00000000001457820241224114754241224||||||||| | ||| |||| || |  a979-002-191-7 0010-1224014578 aid0 a628.4 a628.4 TIM p0 aTim Penulis PS00apenanganan dan pengolahan sampah acet.1 aJakartabPenebar Swadayac2008 aiv + 60 hlm.; 15 cm x 23 cm 0apengolahan a05.17.01.07.01 a05.17.01.07.03